Countries That Contain D - Statistics

General Stats
  • This quiz has been taken 1,086 times
    902 since last reset
  • The average score is 39 of 51
Answer Stats
Answer % Correct
Europe Denmark
94%
N. America Dominica
91%
N. America Dominican Republic
91%
Europe Finland
91%
Europe Ireland
91%
Europe Iceland
90%
Europe United Kingdom
90%
N. America United States
88%
Asia India
87%
Oceania New Zealand
87%
Europe Sweden
87%
Europe Switzerland
87%
Europe Andorra
86%
Europe Poland
86%
Asia Indonesia
84%
Europe Netherlands
84%
N. America Canada
83%
Africa Djibouti
83%
S. America Ecuador
83%
Africa Chad
80%
Africa South Sudan
80%
Africa Sudan
80%
Asia Thailand
80%
N. America Barbados
79%
Africa Democratic Republic of the Congo
79%
N. America Honduras
79%
N. America Trinidad and Tobago
79%
Asia United Arab Emirates
79%
N. America Antigua and Barbuda
78%
Oceania Solomon Islands
78%
Oceania Marshall Islands
77%
Africa Madagascar
74%
Europe Moldova
73%
Asia Saudi Arabia
73%
N. America Saint Vincent and the Grenadines
72%
Asia Cambodia
71%
N. America El Salvador
71%
Europe North Macedonia
71%
Asia Bangladesh
69%
N. America Grenada
69%
Asia Jordan
69%
Africa Burundi
68%
Africa Uganda
67%
Asia Maldives
66%
Africa Rwanda
65%
Oceania Federated States of Micronesia
62%
N. America Saint Kitts and Nevis
59%
Africa Cape Verde
58%
Europe Bosnia and Herzegovina
56%
Africa São Tomé and Príncipe
42%
Africa Côte d'Ivoire
37%
No matching quizzes found
Score Distribution
Percent of People with Each Score
Percentile by Number Answered
Your Score History
You have not taken this quiz since the last reset